名前に「王」がつく駅 - Statistics

General Stats
  • This quiz has been taken 37 times
  • The average score is 25 of 43
Answer Stats
Hint Answer % Correct
北区 王子
100%
八王子市 八王子
100%
八王子市 西八王子
100%
王寺町 王寺
100%
八王子市 八王子みなみ野
88%
八王子市 北八王子
88%
八王子市 京王八王子
88%
潟上市 天王
85%
北区 王子神谷
82%
大阪市 天王寺
79%
多摩市 京王永山
76%
多摩市 京王多摩センター
76%
王寺町 新王寺
73%
甲斐市 竜王
70%
白石市 白石蔵王
67%
調布市 京王多摩川
67%
稲城市 京王よみうりランド
67%
川崎市 京王稲田堤
67%
我孫子市 天王台
64%
北区 王子駅前
64%
八王子市 京王片倉
64%
山形市 蔵王
61%
永平寺町 山王
61%
名古屋市 山王
61%
日立市 十王
58%
品川区 天王洲アイル
58%
八王子市 京王堀之内
58%
千代田区 溜池山王
52%
多賀城市 陸前山王
48%
大阪市 天王寺駅前
48%
神戸市 王子公園
48%
横浜市 天王町
45%
長岡京市 西山天王山
45%
大阪市 四天王寺前夕陽ヶ丘
42%
黒潮町 海の王迎
36%
日光市 龍王峡
33%
越前市 王子保
30%
射水市 海王丸
24%
白石町 肥前竜王
21%
名古屋市 覚王山
18%
福島市 医王寺前
12%
桐生市 天王宿
6%
京都市 鹿王院
6%
No matching quizzes found
Score Distribution
Percent of People with Each Score
Percentile by Number Answered
Your Score History
You have not taken this quiz